000 00649nam a2200277Ia 4500
005 20260324145755.0
008 008 260324s9999 xx 000 0 eng d
020 _a9781315018539
037 _aEBOOK
040 _aCRL
040 _beng
040 _cCRL
041 _2eng
041 _aeng
084 _qCRL
100 _aFrances A Shirley
_91224139
245 0 _aSwearing and Perjury in Shakespeare's Plays
260 _bTaylor and Francis
260 _c1979
365 _a
365 _b510
856 _uhttp://www.taylorfrancis.com/books/9781315018539
942 _cEBOOK
999 _c1832515
_d1832515